| 000 | 00427nam a2200109Ia 4500 | ||
|---|---|---|---|
| 008 | 171204s9999 xx 000 0 und d | ||
| 245 | _aCounseling And Action: Toward Life-enhancing Work, Relationships, And Identity | ||
| 245 | _cJose Domene, Ladislav Valach, and Richard A. You | ||
| 260 | _c2015 | ||
| 650 | _xPSYCHOLOGICAL COUNSELING AND PSYCHOTHERAPY | ||
| 856 | _uhttp://down.ebook777.com/004/CouAndActTowLifWorRelAndIde.pdf | ||
| 999 |
_c346489 _d346489 |
||